Presente y futuro de Tarrasa : hacia una ciudad de 160.000 habitantes / por Manuel Baldrich Tibau hacia una ciudad de 160.000 habitantes / por Manuel Baldrich Tibau
Descripción Física:
46 p., [20] p. de làm., [1] despl. ; 28 cm
MARC
| LEADER | 00000nam a2200000Ia 4500 | ||
|---|---|---|---|
| 001 | 13872 | ||
| 008 | 160829s1951 xx 000 0 cat d | ||
| 080 | |a B-1-415 | ||
| 100 | 1 | |a Baldrich i Tibau, Manuel, |d 1911-1966 |9 21224 | |
| 245 | |a Presente y futuro de Tarrasa : |b hacia una ciudad de 160.000 habitantes / por Manuel Baldrich Tibau | ||
| 260 | |a Barcelona : |b Comisión Superior de Ordenación Provincial, |c 1951 | ||
| 300 | |a 46 p., [20] p. de làm., [1] despl. ; |c 28 cm | ||
| 650 | |a Urbanisme |x Planificació |x Terrassa |9 31606 | ||
| 650 | |a Demografia |x Informes |x Terrassa |9 31607 | ||
| 901 | |a Arxiu | ||
| 942 | |n 1 | ||
| 952 | |0 0 |1 0 |4 0 |6 B1415 |7 1 |9 45692 |a Arxiu |b Arxiu |d 2016-12-01 |l 0 |o B-1-415 |p 13872 |r 2016-12-01 00:00:00 |w 2016-12-01 |y ARXIU | ||
| 999 | |c 49192 |d 49192 | ||